| 000 | 00468nam a2200181 4500 | ||
|---|---|---|---|
| 020 | _a9789362540904 | ||
| 082 |
_aM3 (FTr.) _bORH/P |
||
| 100 | _aOrhan Pamuk | ||
| 245 |
_aPlagueinte rathrikal/ _cby Orhan Pamuk |
||
| 260 |
_aKottayam: _bD C Books, _c2025. |
||
| 300 | _a851p. | ||
| 650 | _aNovel Translation Turkish | ||
| 650 | _aNovel Malayalam | ||
| 650 | _aLiterature Malayalam | ||
| 650 | _aLiterature | ||
| 700 | _aRathnakaran Mangad (tr.) | ||
| 942 | _cBK | ||
| 999 |
_c181838 _d181838 |
||